Physical therapy for children / (Record no. 1981)

MARC details
000 -LEADER
fixed length control field 01198cam a22001817i 4500
008 - FIXED-LENGTH DATA ELEMENTS--GENERAL INFORMATION
fixed length control field 190219s2017 paua b 001 0 eng
010 ## - LIBRARY OF CONGRESS CONTROL NUMBER
LC control number 2018420598
020 ## - INTERNATIONAL STANDARD BOOK NUMBER
International Standard Book Number 9780323390187 (hbk.)
020 ## - INTERNATIONAL STANDARD BOOK NUMBER
International Standard Book Number 0323390188 (hbk.)
050 00 - LIBRARY OF CONGRESS CALL NUMBER
Classification number RJ53.P5
Item number P52 2017
082 00 - DEWEY DECIMAL CLASSIFICATION NUMBER
Classification number 615.8/2083
Edition number 23
245 00 - TITLE STATEMENT
Title Physical therapy for children /
Statement of responsibility, etc. [edited by] Robert J. Palisano, PT, ScD, FAPTA (Distinguished Professor, Physical Therapy and Rehabilitation Sciences, Drexel University, Philadelphia, Pennsylvania, Scientist, CanChild Centre for Childhood Disability Research, McMaster University, Hamilton, Ontario, Canada), Margo N. Orlin, PT, PhD, FAPTA (Associate Professor, Physical Therapy and Rehabilitation Sciences, Drexel University, Philadelphia, Pennsylvania), Joseph Schreiber, PT, PhD (Professor and Program Director, Physical Therapy Program, Chatham University, Pittsburgh, Pennsylvania).
250 ## - EDITION STATEMENT
Edition statement Fifth edition.
260 ## - PUBLICATION, DISTRIBUTION, ETC.
Place of publication, distribution, etc. St. Louis, Missouri :
Name of publisher, distributor, etc. Elsevier,
Date of publication, distribution, etc. [2017]
300 ## - PHYSICAL DESCRIPTION
Extent xv, 822 pages :
Other physical details illustrations (chiefly color) ;
Dimensions 29 cm
500 ## - GENERAL NOTE
General note Preceded by Physical therapy for children / [edited by] Suzann K. Campbell, Robert J. Palisano, Margo N. Orlin. 4th ed. 2012.
942 ## - ADDED ENTRY ELEMENTS (KOHA)
Source of classification or shelving scheme Library of Congress Classification
Holdings
Withdrawn status Lost status Source of classification or shelving scheme Damaged status Not for loan Home library Current library Date acquired Source of acquisition Total checkouts Full call number Barcode Date last seen Price effective from Koha item type
    Dewey Decimal Classification     Medical Library Medical Library 03/18/2025     RJ 53.P5 2025-0710 03/18/2025 03/18/2025 Books
    Library of Congress Classification     Samuel Ogbemudia Main Library, University of Abuja Samuel Ogbemudia Main Library, University of Abuja 02/19/2025 Book Aid International   RJ53,P5.C36 2025-0122 02/19/2025 02/19/2025 Books